Zmeny na trhu práce v SR a migrácia pracovnej sily
Problematika zmien na trhu práce v Slovenskej republike s dôrazom na migračné toky a ich vplyv. Nezamestnanosť v krajine je stále jedna z najvyšších v Európskej únii. Problém predstavuje štruktúra nezamestnaných, ale aj veľké množstvo pracovnej sily odchádzajúcej za prácou do zahraničia. Situáciu ri...
Guardado en:
| Autor principal: | |
|---|---|
| Otros Autores: | , |
| Formato: | Capítulo de libro |
| Lenguaje: | eslovaco |
| Materias: | |
| Etiquetas: |
Sin Etiquetas, Sea el primero en etiquetar este registro!
|
MARC
| LEADER | 00000naa$a2200000$$$4500 | ||
|---|---|---|---|
| 001 | 0252751 | ||
| 005 | 20220321091752.4 | ||
| 041 | 0 | |a slo | |
| 044 | |a SK | ||
| 245 | 1 | 0 | |a Zmeny na trhu práce v SR a migrácia pracovnej sily |c Magdaléna Tupá, Sergej Vojtovič, Herbert Strunz |
| 520 | |a Problematika zmien na trhu práce v Slovenskej republike s dôrazom na migračné toky a ich vplyv. Nezamestnanosť v krajine je stále jedna z najvyšších v Európskej únii. Problém predstavuje štruktúra nezamestnaných, ale aj veľké množstvo pracovnej sily odchádzajúcej za prácou do zahraničia. Situáciu rieši krajina prostredníctvom saturácie dopytu z ostatných krajín Európskej únie či z tretích krajín napriek antimigračnej politike, ktorú predstavitelia verejných politík prezentovali. Záverečné odhalenie korelačných závislostí vybraných ukazovateľov s následnou regresnou analýzou, na základe dostupných štatistických dát prostredníctvom matematicko-štatistických metód. | ||
| 610 | 2 | 0 | |a globalizácia |
| 610 | 2 | 0 | |a trh práce |
| 610 | 2 | 0 | |a sily pracovné |
| 610 | 2 | 0 | |a migrácia |
| 610 | 2 | 0 | |a Európska únia |
| 610 | 2 | 0 | |a Slovensko |
| 610 | 2 | 0 | |a nezamestnanosť |
| 610 | 2 | 0 | |a mzdy |
| 610 | 2 | 0 | |a miesta pracovné |
| 610 | 2 | 0 | |a kríza hospodárska |
| 610 | 2 | 0 | |a rast hospodársky |
| 610 | 2 | 0 | |a krajiny tretie |
| 610 | 2 | 0 | |a cudzinci |
| 610 | 2 | 0 | |a analýza korelačná |
| 610 | 2 | 0 | |a analýza regresná |
| 100 | 1 | |a Tupá, Magdaléna | |
| 700 | 1 | |a Vojtovič, Sergej | |
| 700 | 1 | |a Strunz, Herbert | |